Control of the snail Cryptosoma bistriails attacking Hevea brasiliensis (Record no. 56324)

MARC details
000 -LEADER
fixed length control field 00340nam a2200121Ia 4500
100 ## - MAIN ENTRY--AUTHOR NAME
Personal name Jayarathnam K
245 #0 - TITLE STATEMENT
Title Control of the snail Cryptosoma bistriails attacking Hevea brasiliensis
260 ## - PUBLICATION, DISTRIBUTION, ETC. (IMPRINT)
Name of publisher Placrosym II, 1979
Year of publication 1979
300 ## - PHYSICAL DESCRIPTION
Number of Pages 237-242
700 ## - ADDED ENTRY--PERSONAL NAME
Personal name Rajendran T P
942 ## - ADDED ENTRY ELEMENTS (KOHA)
Koha item type Journals
Holdings
Withdrawn status Lost status Damaged status Not for loan Home library Current library Shelving location Date acquired Koha item type
      Journals RRII Library RRII Library Pathology 17/12/2021 Journals